|
|
|
|
| LEADER |
00956nam a2200193Ia 4500 |
| 001 |
TDMU_7271 |
| 008 |
210410s9999 xx 000 0 und d |
| 082 |
|
|
|a 327.73052
|
| 090 |
|
|
|b PH112
|
| 100 |
|
|
|a Phạm, Thành Dung
|
| 245 |
|
0 |
|a Quan hêÌ£ giữa ba trung tâm tư bản (Mỹ - Tây Âu - NhâÌ£t Bản) sau chiêÌn tranh laÌ£nh
|
| 245 |
|
0 |
|c TS. Phạm Thành Dung
|
| 260 |
|
|
|a H.
|
| 260 |
|
|
|b LyÌ luâÌ£n chiÌnh triÌ£
|
| 260 |
|
|
|c 2004
|
| 300 |
|
|
|a 139tr.
|
| 650 |
|
|
|a LiÌ£ch sử; LiÌ£ch sử thêÌ giơÌi hiêÌ£n đaÌ£i; Mỹ; NhâÌ£t Bản; Tây Âu; LiÌ£ch sử thêÌ giơÌi hiêÌ£n đaÌ£i; Quan hệ ngoại giao
|z Mỹ - Tây Âu - Nhật Bản
|
| 856 |
|
|
|u http://lrc.tdmu.edu.vn/opac/search/detail.asp?aID=2&ID=7271
|
| 980 |
|
|
|a Trung tâm Học liệu Trường Đại học Thủ Dầu Một
|